Estadísticas para Ganadores Red Bull Batalla Chile

Haz click aquí para intentar la prueba.

Estadísticas generales

  • Esta prueba ha sido intentada 19 veces
  • La puntuación promedio es 10 de 15

Estadísticas de respuestas

AñoMC% Correcto
2022Jokker
93%
2023Nitro
93%
2019Teorema
93%
2020Acertijo
79%
2014Kaiser
79%
2017Pepe Grillo
79%
2018Pepe Grillo
79%
2015Tom Crowley
71%
2008Basek
64%
2021Basek
64%
2013Stigma
57%
2016Drose
43%
2012Cristofebril
36%
2006Insano
14%
2007Esnou
7%

Distribución de puntuación

Porcentaje por número respondido

Porcentaje de gente con cada puntuación

Historial de tus puntuaciones

No has intentado esta prueba.